Statistiques concernant Focus sur: Prud'homme Gamwich - Tolkien

Cliquez ici pour prendre le quiz!

Statistiques générales

  • Ce quiz a été pris 3 fois
  • Le résultat moyen est 5 sur 9

Statistiques - réponses

Informations recherchéesRéponses% Correct
ContréeComté
100%
EspèceHobbit
100%
FilsHob Gammidge
100%
Première mentionLe Seigneur des Anneaux: Le Retour du roi
100%
Age durant lequel il vécutTroisième
67%
VillesChamptoron
33%
PèreHamfast Gamwich
33%
Gamwich
0%
Autre traduction du prénomSage
0%

Distribution des résultats

Percentile par nombre de réponses

% des personnes avec chaque résultat

Votre développement - résultats

Vous n’avez pas pris ce quiz